عالم المصادر المفتوحة وبرمجيتها : (Record no. 61511)
[ view plain ]
| 000 -الفاتح | |
|---|---|
| حقل البيانات ثابتة الطول | 01292nam a22002777a 4500 |
| 005 - وقت وتاريخ اخر تعامل مع التسجيلة | |
| رقم الضبط | 20240530110503.0 |
| 008 - عناصر البيانات ثابتة الطول - معلومات عامة | |
| حقل البيانات ثابتة الطول | 150502s2012 ua dk g 000 0 ara d |
| 017 ## - رقم الايداع القانونى | |
| رقم الايداع القانونى | 2011/19902 |
| المصدر ( الهيئة المختصة) | مصر . دار الكتب المصرية |
| 040 ## - مصدر الفهرسة | |
| وكالة الفهرسة الأصلية | EG-CaGPL |
| 082 04 - رقم تصنيف ديوى العشرى | |
| رقم الطبعة | 21 |
| رقم التصنيف | 025.344\ |
| رقم المادة | ح ع |
| 245 00 - بيان العنوان | |
| العنوان | عالم المصادر المفتوحة وبرمجيتها : |
| بقية العنوان | دراسات تأصيلية / |
| بيان المسئوليه,etc | اعداد حسناء محمود محجوب ، نجلاء محمود خليل ، محمد محمد النجار ، نها محمد عثمان ، ريهام عاصم غنيم |
| 250 ## - بيان الطبعة | |
| بيان الطبعة | ط1 |
| 260 ## - PUBLICATION, DISTRIBUTION, ETC. (IMPRINT) | |
| تاريخ النشر أو التوزيع | 2012 . |
| 300 ## - الوصف المادى | |
| التعداد | 269 ص ؛ |
| أبعاد الوعاء | 24 سم |
| 650 04 - المدخل الاضافى بالموضوع-مصطلح موضوعى | |
| مصطلح موضوعي | المعلومات |
| التقسيم الفرعي العام | علم |
| 650 04 - المدخل الاضافى بالموضوع-مصطلح موضوعى | |
| مصطلح موضوعي | اختزان واسترجاع المعلومات |
| 650 04 - المدخل الاضافى بالموضوع-مصطلح موضوعى | |
| مصطلح موضوعي | نظم المعلومات |
| 650 04 - المدخل الاضافى بالموضوع-مصطلح موضوعى | |
| مصطلح موضوعي | المكتبات |
| التقسيم الفرعي العام | علم |
| 700 0# - المدخل الاضافى - اسم شخصى | |
| الإسم الشخصى | حسناء محمود محجوب |
| الدور | معد مشارك |
| 700 0# - المدخل الاضافى - اسم شخصى | |
| الإسم الشخصى | ريهام عاصم غنيم |
| الدور | معد مشارك |
| 700 0# - المدخل الاضافى - اسم شخصى | |
| الإسم الشخصى | نجلاء محمود خليل |
| الدور | معد مشارك |
| 700 0# - المدخل الاضافى - اسم شخصى | |
| الإسم الشخصى | محمد محمد النجار |
| الدور | معد مشارك |
| 700 0# - المدخل الاضافى - اسم شخصى | |
| الإسم الشخصى | نها محمد عثمان |
| الدور | معد مشارك |
| 942 ## - عناصر المدخل الإضافي( كوها) | |
| مصدر التصنيف او مخطط الترفيف | Dewey Decimal Classification |
| Koha [default] item type | كتاب |
| 260 ## - PUBLICATION, DISTRIBUTION, ETC. (IMPRINT) | |
| -- | الاسكندرية : |
| -- | دار الثقافة العلمية ، |
| حالة التراجع | حالة الفقد | حالة تلف | ليس للاعارة | المكان المؤقت | الموقع الحالى | تاريخ الاكتساب | اجمالي اﻻعارات | رقم الطلب | الباركود | تاريخ اخر مشاهدة | تاريخ تفعيل السعر | نوع وعاء كوها |
|---|---|---|---|---|---|---|---|---|---|---|---|---|
| مكتبة القاهرة الكبرى | مكتبة القاهرة الكبرى | 09/29/2015 | 025.344\ ح ع | 160832 | 09/29/2015 | 09/29/2015 | كتاب |

